Metallica Top 10 (My opinion) - Statistics

General Stats
  • This quiz has been taken 643 times
  • The average score is 5 of 9
Answer Stats
Hint (None) Answer % Correct
NO HINTS Master Of puppets
93%
NO HINTS Enter Sandman
90%
NO HINTS One
86%
NO HINTS Nothing Else Matters
72%
NO HINTS Sad But True
62%
NO HINTS The Unforgiven
52%
NO HINTS Fuel
50%
NO HINTS Of Wolf And Man
12%
NO HINTS The Unnamed feeling
1%
No matching quizzes found
Score Distribution
Percent of People with Each Score
Percentile by Number Answered
Your Score History
You have not taken this quiz